[Event "ROM-ch U10 Girls"]
[Site "Calimanesti"]
[Date "2018.04.03"]
[Round "9"]
[White "Apostol, Maria"]
[Black "Teclis, Anca Maria"]
[Result "0-1"]
[WhiteElo "1158"]
[BlackElo "1043"]
[PlyCount "76"]
[EventDate "2018.03.27"]
[EventType "swiss"]
[EventRounds "9"]
[EventCountry "ROU"]
[SourceTitle "CBM 183 Extra"]
[Source "ChessBase"]
[SourceDate "2018.04.19"]
[SourceVersion "1"]
[SourceVersionDate "2018.04.19"]
[SourceQuality "1"]

1. f4 d5 2. Nf3 Nf6 3. e3 Bf5 4. b3 Nbd7 5. Bb2 e6 6. Be2 Be7 7. 0-0 0-0 8. Ne5 h6 9. d3 Nh7 10. Qe1 Nxe5 11. fxe5 f6 12. Qg3 fxe5 13. Bxe5 Bf6 14. Bxf6 Qxf6 15. Nd2 c6 16. e4 Qd4+ 17. Kh1 dxe4 18. Qh4 Qe3 19. Bh5 Qxd2 20. dxe4 g5 21. Qe1 Qxe1 22. Raxe1 Bxe4 23. h3 Bxc2 24. Rxf8+ Rxf8 25. Rxe6 Nf6 26. Re7 Nxh5 27. Rxb7 a6 28. Rb6 Bd3 29. Rxc6 Rf2 30. Rxh6 Nf4 31. Rf6 Be4 32. Kg1 Rxg2+ 33. Kf1 Rxa2 34. Ke1 Nxh3 35. Re6 Bc2 36. Re3 Nf4 37. Re5 Nd3+ 38. Kf1 Nxe5 0-1